000
00296nam a22001457a 4500
008
210305b ||||| |||| 00| 0 eng d
020
_a
0890093563
041
_a
eng
080
_a
7
082
_a
7
100
_a
44
101
_a
ART
245
_a
Michelangelo
_c
Kaufman,E.E
942
_2
udc
_c
BK
999
_c
55843
_d
55843